Language Quiz

Random Language or Letter Quiz

'R' Vocabulary (Medium) Quiz Stats

 Plays Quiz Updated Mar 9, 2018

Score 0/25 Timer 06:00
3 Plays Today
% Correct
radius
93.3%
retina
93.1%
recite
92.7%
reconcile
91.8%
ravenous
91.5%
rancid
91.4%
rupture
91.3%
regulate
90.6%
ricochet
90.6%
rebellion
90.6%
recluse
90.5%
resilient
89.3%
retaliate
88.7%
% Correct
roster
88.4%
rudimentary
87.8%
repertoire
87.8%
ruckus
86.2%
rigorous
86.1%
raconteur
85.5%
regiment
84.7%
ruse
84.5%
rue
83.2%
riff
82.7%
regime
74.1%
rampage
66.8%

You're not logged in!

Compare scores with friends on all Sporcle quizzes.
OR
Log In

Show Comments

Extras

Top Quizzes Today


Score Distribution

Your Account Isn't Verified!

In order to create a playlist on Sporcle, you need to verify the email address you used during registration. Go to your Sporcle Settings to finish the process.

Report this User

Report this user for behavior that violates our Community Guidelines.

Details: